[Event "Landesliga Nord 1617"]
[Site "Bayern"]
[Date "2016.10.16"]
[Round "1.8"]
[White "Vogiatzis, Dimitrios"]
[Black "Maurer, Heinrich"]
[Result "1-0"]
[WhiteElo "1960"]
[BlackElo "1978"]
[PlyCount "51"]
[EventDate "2016.10.16"]
[EventType "team-tourn"]
[EventRounds "9"]
[EventCountry "GER"]
[SourceTitle "EXT 2019"]
[Source "ChessBase"]
[SourceDate "2018.10.10"]
[SourceVersion "1"]
[SourceVersionDate "2018.10.10"]
[SourceQuality "1"]
[WhiteTeam "Nuernberg NT II"]
[BlackTeam "Kelheim"]
[WhiteTeamCountry "GER"]
[BlackTeamCountry "GER"]

1. d4 Nf6 2. e3 g6 3. f4 Bg7 4. Nf3 d6 5. Bd3 0-0 6. 0-0 b6 7. Qe2 Bb7 8. c3 c5 9. b3 e6 10. Bb2 Nc6 11. e4 cxd4 12. Nxd4 e5 13. Nxc6 Bxc6 14. fxe5 dxe5 15. Na3 Nh5 16. g3 Qg5 17. Bc1 Nf4 18. Qf3 f5 19. Bc4+ Kh8 20. h4 Qe7 21. gxf4 Bxe4 22. Qf2 exf4 23. Nb5 Rfd8 24. Bxf4 Bf6 25. Rad1 Bxh4 26. Qxh4 1-0

[Event "Oberpfalz-ch M1"]
[Site "Schwandorf"]
[Date "2015.03.30"]
[Round "5"]
[White "Maurer, Heinrich"]
[Black "Gruber, Roland"]
[Result "0-1"]
[WhiteElo "2142"]
[BlackElo "2085"]
[PlyCount "62"]
[EventDate "2015.03.28"]
[EventType "swiss"]
[EventRounds "8"]
[EventCountry "GER"]
[SourceTitle "EXT 2022"]
[Source "ChessBase"]
[SourceDate "2021.10.06"]
[SourceVersion "1"]
[SourceVersionDate "2021.10.06"]
[SourceQuality "1"]

1. e4 g6 2. d4 Bg7 3. g3 d5 4. e5 c5 5. c3 Nc6 6. b3 Nh6 7. Bg2 Bg4 8. f3 Bc8 9. dxc5 d4 10. cxd4 Qxd4 11. Qxd4 Nxd4 12. Na3 Nhf5 13. f4 f6 14. exf6 Bxf6 15. Rb1 Rb8 16. Nf3 b6 17. cxb6 Rxb6 18. Nc4 Re6+ 19. Nfe5 Ra6 20. Rb2 Nd6 21. 0-0 Nxc4 22. bxc4 0-0 23. Re1 Be6 24. Rd2 Nf5 25. Bd5 Bxd5 26. cxd5 Rd8 27. Kf2 Ra4 28. Red1 Nd6 29. Re2 Ne4+ 30. Kf3 Nc3 31. Nc6 Rd7 0-1

[Event "Oberpfalz-ch M1"]
[Site "Schwandorf"]
[Date "2015.03.28"]
[Round "1"]
[White "Ludwig, Franz"]
[Black "Maurer, Heinrich"]
[Result "0-1"]
[WhiteElo "1979"]
[BlackElo "2142"]
[PlyCount "52"]
[EventDate "2015.03.28"]
[EventType "swiss"]
[EventRounds "8"]
[EventCountry "GER"]
[SourceTitle "EXT 2022"]
[Source "ChessBase"]
[SourceDate "2021.10.06"]
[SourceVersion "1"]
[SourceVersionDate "2021.10.06"]
[SourceQuality "1"]

1. e4 c5 2. d4 cxd4 3. c3 d3 4. Bxd3 Nc6 5. Nf3 d6 6. h3 g6 7. Be3 Bg7 8. Na3 Nf6 9. Nc2 0-0 10. Ncd4 d5 11. e5 Ne4 12. Nxc6 bxc6 13. Qa4 Qc7 14. Bxe4 dxe4 15. Qxe4 Bf5 16. Qf4 Bd3 17. Rd1 Ba6 18. b4 Rad8 19. Bd4 Rd5 20. Qe3 Rfd8 21. Rd2 e6 22. h4 h5 23. Rg1 c5 24. bxc5 Rb8 25. Qe4 Qb7 26. g4 Rxe5 0-1

[Event "Landesliga Nord 1415"]
[Site "Bayern"]
[Date "2015.02.01"]
[Round "6.8"]
[White "Maurer, Heinrich"]
[Black "Neubauer, Jaroslaus"]
[Result "1-0"]
[WhiteElo "2006"]
[BlackElo "1821"]
[PlyCount "107"]
[EventDate "2014.10.19"]
[EventType "team-tourn"]
[EventRounds "9"]
[EventCountry "GER"]
[SourceTitle "EXT 2018"]
[Source "ChessBase"]
[SourceDate "2017.10.13"]
[SourceVersion "1"]
[SourceVersionDate "2017.10.13"]
[SourceQuality "1"]
[WhiteTeam "Kelheim"]
[BlackTeam "Schweinfurt"]
[WhiteTeamCountry "GER"]
[BlackTeamCountry "GER"]

1. e4 e5 2. Nf3 Nc6 3. d4 exd4 4. Nxd4 Bc5 5. Nb3 Bb6 6. Bd3 Qf6 7. 0-0 Nge7 8. Nc3 0-0 9. Na4 d6 10. Nxb6 axb6 11. c3 Ne5 12. Be2 N7c6 13. Nd4 Ng6 14. Nb5 Qe7 15. Be3 Be6 16. b3 Rfd8 17. c4 f6 18. Bg4 Bxg4 19. Qxg4 Qd7 20. Qxd7 Rxd7 21. Rfd1 Re7 22. Rd2 Na5 23. Rad1 Nc6 24. f3 h6 25. Kf2 Na7 26. Nc3 Nc6 27. Nd5 Rf7 28. g4 Rc8 29. a4 Nce7 30. Kg3 Nf8 31. Ra2 Nxd5 32. cxd5 Nd7 33. Rc1 h5 34. h3 hxg4 35. hxg4 c5 36. dxc6 Rxc6 37. Rxc6 bxc6 38. Rd2 d5 39. exd5 c5 40. Bf4 Re7 41. Kf2 Ne5 42. Bxe5 fxe5 43. Ke3 Kf7 44. Ke4 Ke8 45. d6 Re6 46. Rd5 Kd7 47. Rxe5 Rxd6 48. Rd5 Kc6 49. Rxd6+ Kxd6 50. f4 Ke6 51. f5+ Kf6 52. Kf4 Kf7 53. Ke5 Ke7 54. g5 1-0

[Event "Oberpfalz-ch M1"]
[Site "Sinzing"]
[Date "2014.04.14"]
[Round "5"]
[White "Maurer, Heinrich"]
[Black "Oberhofer, Cedric"]
[Result "0-1"]
[WhiteElo "2120"]
[BlackElo "1974"]
[PlyCount "29"]
[EventDate "2014.04.12"]
[EventType "swiss"]
[EventRounds "8"]
[EventCountry "GER"]
[SourceTitle "EXT 2022"]
[Source "ChessBase"]
[SourceDate "2021.10.06"]
[SourceVersion "1"]
[SourceVersionDate "2021.10.06"]
[SourceQuality "1"]

1. e4 c5 2. Nf3 d6 3. d4 cxd4 4. Nxd4 Nf6 5. Nc3 a6 6. Be2 e6 7. 0-0 Be7 8. Kh1 Qc7 9. a4 b6 10. f4 Bb7 11. Bf3 Nbd7 12. Be3 0-0 13. Bf2 Rac8 14. Bg3 Qc4 15. Be1 0-1

[Event "Oberpfalz-ch M1"]
[Site "Sinzing"]
[Date "2014.04.12"]
[Round "2"]
[White "Stoeckl, Stephan"]
[Black "Maurer, Heinrich"]
[Result "1/2-1/2"]
[WhiteElo "2103"]
[BlackElo "2120"]
[PlyCount "81"]
[EventDate "2014.04.12"]
[EventType "swiss"]
[EventRounds "8"]
[EventCountry "GER"]
[SourceTitle "EXT 2022"]
[Source "ChessBase"]
[SourceDate "2021.10.06"]
[SourceVersion "1"]
[SourceVersionDate "2021.10.06"]
[SourceQuality "1"]

1. Nf3 Nf6 2. c4 g6 3. b3 Bg7 4. Bb2 0-0 5. g3 d6 6. Bg2 a5 7. Nc3 Bd7 8. 0-0 Na6 9. d4 Rb8 10. e4 c5 11. Re1 Ng4 12. h3 cxd4 13. Nxd4 Ne5 14. f4 Nc6 15. Nd5 Nab4 16. Nxc6 bxc6 17. Bxg7 Kxg7 18. Nxb4 axb4 19. Qd4+ f6 20. e5 fxe5 21. fxe5 Qb6 22. Rad1 Qxd4+ 23. Rxd4 c5 24. Rd2 Rb6 25. Red1 Rf5 26. exd6 e6 27. Re1 Kf6 28. Re4 g5 29. h4 h5 30. hxg5+ Rxg5 31. Kh2 Re5 32. Rf4+ Rf5 33. Bh3 Rxf4 34. gxf4 Rb8 35. Kg3 Rd8 36. Re2 Ra8 37. Bg2 Rg8+ 38. Kf2 Rg4 39. Ke3 Rg3+ 40. Kf2 Rg4 41. Ke3 1/2-1/2

[Event "Landesliga Nord 1314"]
[Site "Bayern"]
[Date "2014.02.23"]
[Round "7.5"]
[White "Maurer, Heinrich"]
[Black "Sommer, Matthias"]
[Result "1-0"]
[WhiteElo "2115"]
[BlackElo "2172"]
[PlyCount "51"]
[EventDate "2013.10.13"]
[EventType "team"]
[EventRounds "9"]
[EventCountry "GER"]
[SourceTitle "EXT 2015"]
[Source "ChessBase"]
[SourceDate "2014.11.20"]
[SourceVersion "1"]
[SourceVersionDate "2014.11.20"]
[SourceQuality "1"]
[WhiteTeam "Kelheim"]
[BlackTeam "Nuernberg NT II"]
[WhiteTeamCountry "GER"]
[BlackTeamCountry "GER"]

1. e4 c5 2. Nc3 d6 3. Nf3 Nf6 4. d4 cxd4 5. Nxd4 a6 6. Bg5 e6 7. f4 Qc7 8. Qf3 b5 9. Bd3 Nbd7 10. 0-0-0 Bb7 11. Rhe1 0-0-0 12. Qe2 h6 13. Bh4 g5 14. fxg5 hxg5 15. Bxg5 Rxh2 16. Nf3 Rh8 17. Kb1 Kb8 18. e5 dxe5 19. Nxe5 Re8 20. Bf4 Ka8 21. Nxd7 Qxf4 22. Rf1 Qg5 23. Nxf6 Rc8 24. Be4 Bg7 25. Bxb7+ Kxb7 26. Nfe4 1-0

[Event "Landesliga Nord 1314"]
[Site "Bayern"]
[Date "2013.11.10"]
[Round "2.8"]
[White "Fiedler, Wolfgang"]
[Black "Maurer, Heinrich"]
[Result "1/2-1/2"]
[WhiteElo "2012"]
[BlackElo "2115"]
[PlyCount "49"]
[EventDate "2013.10.13"]
[EventType "team"]
[EventRounds "9"]
[EventCountry "GER"]
[SourceTitle "EXT 2015"]
[Source "ChessBase"]
[SourceDate "2014.11.20"]
[SourceVersion "1"]
[SourceVersionDate "2014.11.20"]
[SourceQuality "1"]
[WhiteTeam "Zirndorf"]
[BlackTeam "Kelheim"]
[WhiteTeamCountry "GER"]
[BlackTeamCountry "GER"]

1. Nf3 Nf6 2. g3 g6 3. Bg2 Bg7 4. c4 0-0 5. 0-0 d6 6. Nc3 Nbd7 7. d4 c6 8. e4 e5 9. h3 Re8 10. dxe5 Nxe5 11. Nxe5 dxe5 12. Qxd8 Rxd8 13. Be3 Be6 14. b3 Rd3 15. Rac1 b6 16. Rfd1 Rad8 17. Rxd3 Rxd3 18. Kf1 Ne8 19. Ke2 Rd8 20. Bg5 f6 21. Be3 Bf8 22. Rd1 Rxd1 23. Kxd1 Nc7 24. Ne2 Na6 25. Nc3 1/2-1/2

[Event "Landesliga Nord 1213"]
[Site "Bayern"]
[Date "2012.10.14"]
[Round "1.6"]
[White "Maurer, Heinrich"]
[Black "Gerl, Hans Peter"]
[Result "1-0"]
[WhiteElo "1989"]
[BlackElo "1930"]
[PlyCount "161"]
[EventDate "2012.10.14"]
[EventType "team-tourn"]
[EventRounds "9"]
[EventCountry "GER"]
[SourceTitle "EXT 2015"]
[Source "ChessBase"]
[SourceDate "2014.11.20"]
[SourceVersion "1"]
[SourceVersionDate "2014.11.20"]
[SourceQuality "1"]
[WhiteTeam "Kelheim"]
[BlackTeam "Zirndorf"]
[WhiteTeamCountry "GER"]
[BlackTeamCountry "GER"]

1. e4 c5 2. Nf3 d6 3. d4 cxd4 4. Nxd4 Nf6 5. Nc3 a6 6. Be2 e5 7. Nb3 Be7 8. 0-0 0-0 9. Be3 Qc7 10. a4 b6 11. f4 Bb7 12. Bf3 Nbd7 13. f5 Nc5 14. Nxc5 dxc5 15. Qe2 Bc6 16. g4 h6 17. h4 Nh7 18. Qh2 b5 19. Rfd1 Rad8 20. axb5 axb5 21. Qg3 f6 22. Qf2 b4 23. Ne2 Bb5 24. Ng3 Rxd1+ 25. Bxd1 Rc8 26. Be2 Bxe2 27. Qxe2 c4 28. Kg2 Nf8 29. g5 fxg5 30. hxg5 Bxg5 31. Ra7 Qd8 32. Qh5 g6 33. Bxg5 Qxg5 34. Qxg5 hxg5 35. Kf3 c3 36. b3 Rd8 37. Nf1 gxf5 38. exf5 Rd4 39. Ne3 Nd7 40. Ng4 Kf8 41. f6 Rf4+ 42. Kg3 Nxf6 43. Nxe5 Ne4+ 44. Kh3 Rh4+ 45. Kg2 Rh6 46. Rb7 Re6 47. Nd3 Nd2 48. Nxb4 g4 49. Kg3 Re4 50. Nd5 Re1 51. Kxg4 Rc1 52. Ne3 Ke8 53. Rc7 Nb1 54. Kf4 Kd8 55. Rc4 Kd7 56. Rd4+ Kc6 57. Ke4 Rh1 58. Kd3 Rh3 59. Rg4 Kc5 60. Ke2 Rh2+ 61. Rg2 Rh5 62. Rg3 Rh2+ 63. Rg2 Rh5 64. Kd3 Rh3 65. Rg1 Nd2 66. Kxc3 Nxb3 67. Rg5+ Kc6 68. Kxb3 Rxe3+ 69. c3 Rh3 70. Kb4 Rh1 71. Rg6+ Kc7 72. c4 Rb1+ 73. Kc5 Rc1 74. Rg7+ Kc8 75. Kb5 Rb1+ 76. Kc6 Kd8 77. c5 Rb2 78. Rg8+ Ke7 79. Kc7 Ra2 80. Rg3 Ra7+ 81. Kb6 1-0

[Event "Oberpfalz-ch M1"]
[Site "Burglengenfeld"]
[Date "2012.04.01"]
[Round "3"]
[White "Maurer, Heinrich"]
[Black "Giessmann, Stephan"]
[Result "0-1"]
[WhiteElo "2147"]
[BlackElo "2251"]
[PlyCount "64"]
[EventDate "2012.03.31"]
[EventType "swiss"]
[EventRounds "8"]
[EventCountry "GER"]
[SourceTitle "EXT 2022"]
[Source "ChessBase"]
[SourceDate "2021.10.06"]
[SourceVersion "1"]
[SourceVersionDate "2021.10.06"]
[SourceQuality "1"]

1. e4 e6 2. d4 d5 3. Nc3 Bb4 4. e5 c5 5. a3 Bxc3+ 6. bxc3 Ne7 7. Qg4 Qc7 8. Bd3 cxd4 9. Ne2 dxc3 10. Qxg7 Rg8 11. Qxh7 Nbc6 12. Bf4 Bd7 13. Bg3 0-0-0 14. 0-0 Rdf8 15. Qh4 Ng6 16. Bxg6 Rxg6 17. Nxc3 Qa5 18. Ne2 Rfg8 19. Qf4 R8g7 20. Nd4 Rg4 21. Nxc6 Bxc6 22. Qe3 d4 23. Qe1 Qd5 24. f3 R4g6 25. Qf2 Rg8 26. Rfd1 Rd8 27. Rd2 Qc5 28. Rad1 Rgg8 29. Rxd4 Qxa3 30. Bh4 Rxd4 31. Qxd4 Rxg2+ 32. Kh1 Rg8 0-1

[Event "Landesliga Nord 1112"]
[Site "Bayern"]
[Date "2012.02.26"]
[Round "7.7"]
[White "Steinmueller, Alexander"]
[Black "Maurer, Heinrich"]
[Result "0-1"]
[WhiteElo "1956"]
[BlackElo "1999"]
[PlyCount "100"]
[EventDate "2011.10.02"]
[EventType "team-tourn"]
[EventRounds "9"]
[EventCountry "GER"]
[SourceTitle "EXT 2015"]
[Source "ChessBase"]
[SourceDate "2014.11.20"]
[SourceVersion "1"]
[SourceVersionDate "2014.11.20"]
[SourceQuality "1"]
[WhiteTeam "Puschendorf"]
[BlackTeam "Kelheim"]
[WhiteTeamCountry "GER"]
[BlackTeamCountry "GER"]

1. e4 c5 2. d3 d5 3. exd5 Qxd5 4. Nf3 Nc6 5. Be2 Nf6 6. 0-0 e6 7. Nbd2 Be7 8. Nc4 b5 9. Ne3 Qd8 10. a4 b4 11. Nc4 Ba6 12. Nfe5 Nd4 13. Re1 0-0 14. Bd2 Bb7 15. a5 Nd7 16. Nf3 Nxe2+ 17. Qxe2 Qc7 18. Ng5 Qc6 19. Qe4 Qxe4 20. Nxe4 Ba6 21. Bf4 Nf6 22. Bd6 Bxd6 23. Nxf6+ gxf6 24. Nxd6 f5 25. b3 Rfd8 26. Nc4 Bxc4 27. dxc4 Rd2 28. Rac1 Kg7 29. Kf1 Kf6 30. Re3 Rg8 31. Ke1 Rd6 32. Kf1 Rg4 33. Rh3 Kg6 34. Rg3 h5 35. f3 Rxg3 36. hxg3 Rd2 37. c3 bxc3 38. Rxc3 Ra2 39. Rd3 Rxa5 40. Rd7 Ra6 41. Ke2 Ra2+ 42. Ke3 Rxg2 43. Rxa7 Rxg3 44. Kf4 Rg2 45. Ra8 Kf6 46. Rh8 e5+ 47. Ke3 Rb2 48. Rh6+ Kg5 49. Rc6 Rxb3+ 50. Kf2 Kf4 0-1

[Event "Landesliga Nord 1112"]
[Site "Bayern"]
[Date "2012.02.05"]
[Round "6.6"]
[White "Sommer, Matthias"]
[Black "Maurer, Heinrich"]
[Result "1-0"]
[WhiteElo "2128"]
[BlackElo "1999"]
[PlyCount "39"]
[EventDate "2011.10.02"]
[EventType "team-tourn"]
[EventRounds "9"]
[EventCountry "GER"]
[SourceTitle "EXT 2013"]
[Source "ChessBase"]
[SourceDate "2012.11.22"]
[SourceVersion "1"]
[SourceVersionDate "2012.11.22"]
[SourceQuality "1"]
[WhiteTeam "Nuernberg NT II"]
[BlackTeam "Kelheim"]
[WhiteTeamCountry "GER"]
[BlackTeamCountry "GER"]

1. d4 Nf6 2. c4 g6 3. g3 Bg7 4. Bg2 0-0 5. Nf3 c5 6. 0-0 cxd4 7. Nxd4 Nc6 8. Nc3 a6 9. b3 Qb6 10. Nc2 d6 11. Bb2 Be6 12. Ne3 Qa5 13. Na4 Rac8 14. Bc3 Qc7 15. Rc1 Ne8 16. Nd5 Qd8 17. Qd2 b5 18. cxb5 axb5 19. Nab6 Rb8 20. Bxg7 1-0

[Event "Regionalliga NO 1011"]
[Site "Bayern"]
[Date "2011.02.27"]
[Round "7.1"]
[White "Aronov, Maksym"]
[Black "Maurer, Heinrich"]
[Result "1-0"]
[WhiteElo "2254"]
[BlackElo "2029"]
[PlyCount "69"]
[EventDate "2010.10.10"]
[EventType "team-tourn"]
[EventRounds "9"]
[EventCountry "GER"]
[SourceTitle "EXT 2012"]
[Source "ChessBase"]
[SourceDate "2011.11.24"]
[SourceVersion "1"]
[SourceVersionDate "2011.11.24"]
[SourceQuality "1"]
[WhiteTeam "Fuerth"]
[BlackTeam "Kelheim II"]
[WhiteTeamCountry "GER"]
[BlackTeamCountry "GER"]

1. d4 Nf6 2. Nf3 e6 3. e3 b6 4. Bd3 Bb7 5. 0-0 Be7 6. c4 d5 7. Nc3 Nbd7 8. cxd5 Nxd5 9. e4 Nxc3 10. bxc3 0-0 11. Bf4 Nf6 12. Qc2 Kh8 13. c4 Nd7 14. Rad1 f6 15. Bg3 g6 16. Be2 Qc8 17. e5 f5 18. d5 Nc5 19. Bf4 Ne4 20. d6 cxd6 21. exd6 Bf6 22. Be5 Qc6 23. Nd4 Qc5 24. Bxf6+ Rxf6 25. Qb2 Kg8 26. Nb3 Qc6 27. f3 Rf7 28. fxe4 Qxe4 29. Bf3 Qe3+ 30. Kh1 Bxf3 31. Rxf3 Qe4 32. Qd4 Qxd4 33. Nxd4 e5 34. Nc6 e4 35. Re3 1-0

[Event "Bayern-ch 81st"]
[Site "Bad Koenigshofen"]
[Date "2010.08.29"]
[Round "9"]
[White "Maurer, Heinrich"]
[Black "Kleibel, Uwe"]
[Result "0-1"]
[WhiteElo "2029"]
[BlackElo "2065"]
[PlyCount "106"]
[EventDate "2010.08.22"]
[EventType "swiss"]
[EventRounds "9"]
[EventCountry "GER"]
[SourceTitle "EXT 2015"]
[Source "ChessBase"]
[SourceDate "2014.11.20"]
[SourceVersion "1"]
[SourceVersionDate "2014.11.20"]
[SourceQuality "1"]

1. e4 c6 2. d4 d5 3. Nc3 dxe4 4. Nxe4 Bf5 5. Ng3 Bg6 6. h4 h6 7. Nf3 Nd7 8. h5 Bh7 9. Bd3 Bxd3 10. Qxd3 e6 11. Bd2 Ngf6 12. 0-0-0 Be7 13. Qe2 0-0 14. Rhe1 c5 15. c4 cxd4 16. Nxd4 Qb6 17. Be3 Qa6 18. Kb1 Rac8 19. Rc1 Bb4 20. Red1 Nb6 21. b3 Rfd8 22. Qf3 Nfd7 23. Ne4 Ba3 24. Qg3 Bxc1 25. Rxc1 Kf8 26. Nd6 Rc5 27. Nxf7 Kxf7 28. Qg6+ Ke7 29. Qxe6+ Kf8 30. Qd6+ Kg8 31. Qe7 Rf8 32. Ne6 Rf7 33. Qe8+ Nf8 34. Nxf8 Rc8 35. Qe6 Rcxf8 36. Bc5 Nd7 37. Qxa6 bxa6 38. Bxf8 Kxf8 39. Rd1 Ke8 40. f3 Nf6 41. g4 Nd7 42. Re1+ Re7 43. Rxe7+ Kxe7 44. Kc2 Ne5 45. Kd2 Nxf3+ 46. Ke3 Ne5 47. Kf4 Ke6 48. g5 a5 49. gxh6 gxh6 50. Ke4 Ng4 51. Kd4 Kd6 52. a3 Nf6 53. b4 a6 0-1